Language Quiz

Random Language or Puzzle Quiz

Wild Word Spiral III Quiz Stats

 Plays Quiz Updated Dec 21, 2017

Challenge
Share
Tweet
Embed
Score 0/162 Timer 08:00
1 Play Today
% Correct
~START~
99.9%
weak chess piece
99.9%
PAWN
97.5%
~ADD~
97.5%
offspring
97.5%
~REMOVE~
86.5%
SPAWN
86.5%
extent
86.5%
~SCRAMBLE~
83.5%
SPAN
83.5%
frying implements
83.5%
~ADD~
83.2%
PANS
83.2%
knickers
83.2%
~CHANGE~
82.6%
PANTS
82.5%
4th down kicks
82.5%
~REMOVE~
74.8%
PUNTS
74.7%
sets in place
74.7%
~CHANGE~
74.2%
PUTS
74.1%
dogs and cats, e.g.
74.1%
~ADD~
72.7%
PETS
72.7%
Keats and Frost, e.g.
72.7%
~SCRAMBLE~
68.5%
PEST
68.5%
stair
68.5%
~ADD~
68%
STEP
67.9%
sharply inclined
67.9%
~SCRAMBLE~
67.8%
POTS
67.8%
fence support
67.8%
~REMOVE~
67.7%
ooze
67.6%
STEEP
67.6%
~REMOVE~
67.6%
POETS
67.5%
cooking implements
67.5%
~SCRAMBLE~
67.3%
~ADD~
67.2%
snooze
67.2%
removes a rind
67.2%
SLEEP
67.2%
~CHANGE~
67.2%
SEEP
67.2%
POST
67.1%
nuisance
67.1%
~CHANGE~
67%
caresses
67%
PEELS
67%
~REMOVE~
63.7%
% Correct
tolls
63.7%
FEELS
63.7%
~ADD~
63.2%
liberates
63.1%
FEES
63.1%
~CHANGE~
63%
fast food side
62.9%
FREES
62.9%
~SCRAMBLE~
62.4%
typeface accent
62.3%
FRIES
62.3%
~ADD~
50.2%
mantel
50.2%
~CHANGE~
50.1%
SELF
50.1%
one's own being
50%
SERF
50%
skin
50%
~SCRAMBLE~
49.9%
SHELF
49.8%
~REMOVE~
49.6%
feudal slave
49.5%
SERIF
49.5%
~CHANGE~
48.1%
FLESH
48%
send to the sewer
48%
~REMOVE~
47.5%
FLUSH
47.4%
verdant
47.4%
~ADD~
47.3%
LUSH
47.2%
water-ice mix
47.2%
~CHANGE~
47%
SLUSH
46.9%
strike with a blade
46.9%
~REMOVE~
46.5%
~CHANGE~
46.4%
SLASH
46.4%
strike with a whip
46.4%
LASH
46.3%
dollar bills
46.3%
~ADD~
46.3%
~ADD~
46.3%
~REMOVE~
46.3%
CASH
46.2%
car wreck
46.2%
RASH
46.2%
reckless
46.2%
CRASH
46.2%
poison ivy result
46.2%
~CHANGE~
44.6%
BRASH
44.5%
trumpet or tuba, e.g.
44.5%
~REMOVE~
44.4%
% Correct
low frequencies
44.3%
BRASS
44.3%
~CHANGE~
44.3%
young girl
44.1%
BASS
44.1%
~ADD~
44.1%
window material
43.9%
LASS
43.9%
~CHANGE~
43.9%
~REMOVE~
43.9%
Math or History, e.g.
43.8%
GLASS
43.8%
60s singer Mama
43.8%
CLASS
43.8%
~CHANGE~
43.7%
~ADD~
43.6%
vehicles
43.6%
CASS
43.6%
gives a hoot
43.5%
CARS
43.5%
~SCRAMBLE~
42.8%
evoke fear
42.7%
CARES
42.7%
~CHANGE~
42.7%
SCARE
42.6%
hold jointly
42.6%
~REMOVE~
40.2%
~CHANGE~
40.1%
bunny
40.1%
SHARE
40.1%
HARE
40%
close proximity
40%
~ADD~
37%
HERE
36.8%
location inquiry
36.8%
~REMOVE~
36.4%
WHERE
36.3%
used to be
36.3%
~SCRAMBLE~
36.2%
WERE
36.1%
water pitcher
36.1%
~CHANGE~
34.6%
at some time
34.4%
EWER
34.4%
~ADD~
33.3%
~CHANGE~
33.2%
at no time
33.2%
EVER
33.2%
cut, as a cord
33.1%
NEVER
33.1%
~SCRAMBLE~
32.8%
stanza
32.7%
SEVER
32.7%
VERSE
31.8%

You're not logged in!

Compare scores with friends on all Sporcle quizzes.
Join for Free
OR
Log In

You Might Also Like...

Show Comments

Extras

Top Quizzes Today


Score Distribution

Your Account Isn't Verified!

In order to create a playlist on Sporcle, you need to verify the email address you used during registration. Go to your Sporcle Settings to finish the process.

Report this User

Report this user for behavior that violates our Community Guidelines.

Details: